Tri "A" konkurencieschopného logistického reťazca

Analýza stratégie troch "A" moderného logistického reťazca a jeho komponentov pre posilnenie konkurencieschopnosti podniku. Adaptabilita a zladenie všetkých zložiek logistického reťazca. Hlavné ciele a vytvorenie stimulov pre lepší výkon.

Saved in:
Bibliographic Details
Main Author: Hrtúsová, Džamila, 1969-
Format: Book Chapter
Language:Slovak
Subjects:
Tags: Add Tag
No Tags, Be the first to tag this record!

MARC

LEADER 00000naa$a2200000$$$4500
001 0136809
005 20240522075430.2
041 0 |a slo 
044 |a SK 
245 1 0 |a Tri "A" konkurencieschopného logistického reťazca  |c Džamila Hrtúsová 
520 |a Analýza stratégie troch "A" moderného logistického reťazca a jeho komponentov pre posilnenie konkurencieschopnosti podniku. Adaptabilita a zladenie všetkých zložiek logistického reťazca. Hlavné ciele a vytvorenie stimulov pre lepší výkon. 
610 2 0 |a reťazce logistické 
610 2 0 |a stratégia logistická 
610 2 0 |a logistika podniková 
610 2 0 |a reťazce dodávateľsko-odberateľské 
610 2 0 |a reťazce distribučné 
610 2 0 |a služby logistické 
610 2 0 |a logistika distribučná 
610 2 0 |a konkurencieschopnosť 
100 1 |a Hrtúsová, Džamila, 1969-